| 000 | 00654nam a2200169 i 4500 | ||
|---|---|---|---|
| 001 | 91492 | ||
| 003 | ES-MaACL | ||
| 005 | 20230906180731.0 | ||
| 007 | t| | ||
| 008 | 050131s1947 sp ||||1| spa d | ||
| 245 | 0 | 0 | _aLey de Colonización de Interés Local, de 27 de Abril de 1946 y Reglamento para su aplicación, de 10 de Enero de 1947. |
| 260 |
_a[S.l. : _bs.n., _c1947] ( _eOviedo : _fLa Nueva España) |
||
| 300 |
_a26 p. : _bil. ; _c24 cm. |
||
| 500 | _aPrecede al tít.: Unión Territorial de Cooperativas del Campo, de Oviedo. | ||
| 710 | 2 |
_aUnión Territorial de Cooperativas del Campo (Oviedo) _97052 |
|
| 852 |
_aES-MaACL _j1873-F-13 _bR.24347 |
||
| 999 |
_c91492 _d91492 |
||